1094 1787 1782 1494 1311 1272 1179 1690 1769 1616 1242 1884 1054 1239 1089 1899 1178 1859 1833 1716 1468 1197 1446 1006 1579 1246 1319 1668 1870 1899 1217 1143 1482 1357 1356 1459 1060 1471 1545 1721 1101 1945 1096 1794 1520 1926 1489 1133 1072 1287 1563 1253 1403 1128 1202 1071 1816 1724 1628 1880 1210 1886 1876 1671 1509 1377 1704 1694 1354 1054 1672 1861 1142 1401 1102 1919 1085 1011 1822 1909 1640 1402 1916 1451 1918 1827 1632 1077 1271 1545 1759 1685 1266 1805 1379 1419 2000 1363 1917 BCNSPRNW ULIB Ver.6.0+V

เปลี่ยนเป็นภาษาไทย

Change to English
 แสดงรายละเอียดบรรณานุกรม
  กลับหน้าหลัก

Brief Record : Get Marc (ISO 2709) : E-mail record : QR code < ปิดหน้าต่าง
LEADER : 00000nam 2200000uu 4500
001    13399111159
003     ULIB
008    110617s||||||||th 000 0 tha d
020    9789741645121
050  4 BF637.58^bพ876จ 2551
100 0  เพชรยุพา บูรณ์สิริจรุงรัฐ
245 10 จะมืดกี่ด้านก็ผ่านได้ /^cกรรณิกา ธรรมเกษร เล่าเรื่อง ;เพชรยุพา บูรณ์สิริจรุงรัฐ เรียบเรียง
250    พิมพ์ครั้งที่ 3
260    กรุงเทพฯ :^bณ เพชรสำนักพิมพ์,^c2551
300    240 หน้า :^bภาพประกอบ ;^c21 ซม.
600 07 กรรณิกา ธรรมเกษร
650  7 นักจัดรายการโทรทัศน์^zไทย^xชีวประวัติ
650  7 พิธีกร^zไทย^xชีวประวัติ
700 0  กรรณิกา ธรรมเกษร
910    ณ เพชร
945    ^p175^l0^i024640
995    ทศพร
999 ^a ใช้งานได้ทุกระบบ
รายการนี้ยังไม่มีแท็ก
คุณยังไม่ได้ล็อกอิน คุณสามารถมีกิจกรรมร่วมกับเว็บไซต์ได้ แต่ต้องล็อกอินก่อน ::
  ล็อกอิน

รายการสื่อสารสนเทศ

ลำดับที่ ประเภท เลขเรียก/บาร์โค้ด สถานที่ สถานะ
- ไม่พบข้อมูล -

รายการใกล้เคียง
    ผู้แต่ง [เพชรยุพา บูรณ์สิริจรุงรัฐ]

BibComment


ยังไม่เคยถูกคอมเมนท์

คอมเมนท์ทรัพยากรรายการนี้
  คอมเมนท์: จะมืดกี่ด้านก็ผ่า..


 Copyright 2026. Bcnsprnw @Library